Culture Générale - Série 1206 - Statistiques

Statistiques générales
  • Ce quiz a été pris 104 fois
  • Le résultat moyen est 6 sur 10
Statistiques - réponses
Question Réponse % Correct
Dans le titre d'un film de guerre de Robert Aldrich, combien y a-t-il de “salopards” ? 12
97%
En cuisine, de quoi saupoudre-t-on généreusement les légumes pour les faire dégorger ? sel
90%
Dans quelle ville de Haute-Garonne peut-on visiter la Cité de l'espace ? Toulouse
87%
Quel est le premier homme à avoir effectué un vol dans l'espace, le 12 avril 1961 ? Youri Gagarine
86%
De quel État des États-Unis l'archipel des Bahamas est-il le plus proche ? Floride
78%
Les Allemands appellent ce lac "Bodensee", c'est le lac de ... Constance
47%
Quel peintre français réalise le tableau "Le Foyer de la danse à l'Opéra" en 1872 ? Edgar Degas
37%
De quelle fée est épris Merlin l'enchanteur ? Viviane
35%
Quelle est la nationalité du cinéaste Denys Arcand ? canadienne
34%
En 1968, dans la chanson “Vesoul”, à quel accordéoniste, prénommé Marcel, Jacques Brel s'adresse-t-il personnellement ? Marcel Azzola
22%
Aucun quiz correspondant
Distribution des résultats
% des personnes avec chaque résultat
Percentile par nombre de réponses
Votre historique - résultats
Vous n’avez pas pris ce quiz